| 000 | 00754pam a2200217 a 4500 | ||
|---|---|---|---|
| 005 | 20170329020003.0 | ||
| 008 | 980917s1999 nyua b 001 0 eng | ||
| 020 | _a0471329444 | ||
| 040 |
_aDLC _cDLC _dDLC _dCO-BoIAVH |
||
| 041 | 0 | _aeng | |
| 044 | _axxu | ||
| 082 | 0 | 0 |
_a526.0285 _bM24g |
| 100 | 1 | _aMalczewski, Jacek. | |
| 245 | 1 | 0 |
_aGIS and multicriteria decision analysis / _cJacek Malczewski. |
| 260 |
_aNew York : _bJ. Wiley & Sons, _cc1999. |
||
| 300 |
_axv, 392 páginas : _bilustraciones (algunas a color) ; _c25 x 16 centímetros |
||
| 504 | _aIncluye referencias bibliográficas (páginas 355-382) e índices. | ||
| 650 | 0 | _aSistemas de información gerográfica | |
| 650 | 0 | _aToma de decisiones | |
| 942 |
_2ddc _cLIBRO _01 |
||
| 999 |
_c2685 _d2685 |
||